000 00596nam a2200217Ia 4500
003 GCL
008 140319s9999 xx 000 0 ara d
040 _aGCL /
_cGCL
082 0 4 _a810.9
_bم ح
100 1 _aمحمد حسين هيكل
245 1 0 _aحياة محمد /
_cمحمد حسين هيكل
260 _a[S.N] :
_bدار المعارف ،
_c1993
300 _a503 ص
490 _a
650 0 4 _aالسيرة النبوية
650 0 4 _aالحديث
650 0 4 _aغزوات النبى
650 0 4 _aهجرة الرسول
650 0 4 _aحجة الوداع
942 _2ddc
_cBK
999 _c55214
_d55214